| 000 | 01017nam a2200229Ia 4500 | ||
|---|---|---|---|
| 003 | Ost | ||
| 005 | 20260507075514.0 | ||
| 008 | 260507s9999||||xx |||||||||||||| ||und|| | ||
| 020 | _a9789957244026 | ||
| 040 | _cfsecg | ||
| 041 | _aara | ||
| 082 | _a1.6 | ||
| 100 |
_aالرماحي، نواف محمد عباس _eمؤلف |
||
| 245 | 0 |
_aتصميم نظم المعلومات المحاسبية وتحليلها / _c نواف محمد عباس الرماحي |
|
| 260 |
_aعمان: _bدار صفاء للنشر والتوزيع, _c2009 |
||
| 300 |
_a184 صفحة؛ _bإيضاحات ؛ _c25 سم |
||
| 504 | _aببليوغرافيا:ص.183 | ||
| 520 | _aنظم المعلومات،نظم المعلومات المحاسبية،الرقابة،نظم المعلومات ودوراتها،الإيرادات،الإستخدامات،المدخلات والمعالجة والمخرجات | ||
| 653 | _aالمحاسبة | ||
| 653 | _aنظم المعلومات- المؤسسة الممتدة | ||
| 942 | _cكتاب | ||
| 999 |
_c44747 _d44747 |
||